000 00438cam a2200181 4500
001 D3013
008 090401t1969 xxu||||| |||| 00| 0 eng d
035 _a(Sirsi) u71561
041 _aeng
050 _a333.332
100 _aJohnson, T.A (ed)
245 _aCurrent aspects of law and valuation
260 _aReading
_bCollege of Estate Management
_c1969
300 _a119p. 21cm
350 _a0
942 _n0
948 _c04/03/1997
999 _c95416
_d95416